000 00623nam a2200205Ii 4500
003 JO-AjNU
008 230605s9999||||xx |||||||||||||| ||und||
040 _aJO-AjNU
_bara
_erda
_cJO-AjNU
041 _aara
050 1 4 _aDS116.K3 1985
100 3 _aكنعان، جورجي,
_eauthor
_914392
245 0 0 _aوثيقة الصهيونية في العهد القديم
250 _aط3
264 3 1 _aبيروت: جورجي كنعان، 1985
300 _a160ص
336 _atext
_btxt
_2rdacontent
337 _aunmediated
_bn
_2rdamedia
338 _avolume
_bnc
_2rdacarrier
650 4 _aتوراة- صهيونية
_914393
999 _aA3827
_c7395
_d7395